[Event "Olympiad"]
[Site "Bled SLO"]
[Date "2002.11.10"]
[Round "14"]
[White "Garcia,Rau"]
[Black "Karkanaqe,I"]
[Result "0-1"]
[WhiteElo "2269"]
[BlackElo "2375"]

1.Nf3 c5 2.c4 Nf6 3.Nc3 d5 4.cxd5 Nxd5 5.d4 Nxc3 6.bxc3 g6 7.Bg5 Bg7 8.Qd2 Qa5
9.e3 Nc6 10.Rc1 cxd4 11.cxd4 Qxd2+ 12.Nxd2 h6 13.Bh4 g5 14.Bg3 O-O 15.Bc4 Bd7
16.Nb3 Rfc8 17.O-O Nb4 18.Nc5 Bc6 19.Rfd1 b5 20.Bb3 a5 21.a4 bxa4 22.Nxa4 Bd5
23.Bxd5 Nxd5 24.Kf1 f5 25.Ke2 f4 26.exf4 gxf4 27.Bh4 Rxc1 28.Rxc1 Bxd4 29.Kd3 Bf6
30.Bxf6 Nxf6 31.Rc4 e5 32.Rc5 Rd8+ 33.Ke2 Rd5 34.Rxd5 Nxd5 35.Kd3 Nf6 36.f3 Kf7
37.Kc4 Ke6 38.Nc3 h5 39.g3 Kf5 40.Kd3 Nh7 41.Ke2 Ng5 42.Na4 Ne6 43.Kf2 Ng5
44.Ke2 e4 45.fxe4+ Nxe4 46.Kf3 fxg3 47.hxg3 Ng5+ 48.Kg2 Kg4 49.Nc3 Nh7 50.Nd1 a4
51.Ne3+ Kg5 52.Nc2 Nf6 53.Kf3 Kf5 54.Na3 Ne4 55.Nc4 Ng5+ 56.Kg2 Ne6 57.Na3 Nd4
58.Kh3 Kg5 59.Kg2 Kg4 60.Nc4 Nc2  0-1

[Event "WYb16"]
[Site "Heraklio GRE"]
[Date "2002.11.15"]
[Round "1"]
[White "Gerzhoy,L"]
[Black "Ozturk,E"]
[Result "1-0"]
[WhiteElo "2389"]
[BlackElo "2135"]

1.Nf3 c5 2.c4 Nf6 3.Nc3 e6 4.g3 Nc6 5.Bg2 a6 6.O-O Qc7 7.b3 b6 8.d4 cxd4
9.Nxd4 Bb7 10.e4 Rc8 11.Bb2 Bc5 12.Nxc6 Bxc6 13.Qe2 d5 14.Nxd5 Qd8 15.Nxf6+ gxf6
16.Qg4 e5 17.a4 h5 18.Qh4 Ke7 19.Kh1 Rg8 20.f4 Rg4 21.Qxh5 Rg6 22.fxe5 fxe5
23.Rxf7+ Kxf7 24.Qh7+ Rg7 25.Rf1+ Ke6 26.Qxg7 Bd4 27.b4 Bd7 28.Qg6+  1-0

[Event "Kubanskaja Osen"]
[Site "Krasnodar RUS"]
[Date "2002.11.18"]
[Round "4"]
[White "Gasanov,E"]
[Black "Maiorov,O"]
[Result "1/2-1/2"]
[WhiteElo "2473"]
[BlackElo "2458"]

1.c4 c5 2.Nf3 Nf6 3.Nc3 b6 4.e4 d6 5.d4 cxd4 6.Nxd4 Bb7 7.Bd3 Nbd7 8.O-O e6
9.Qe2 a6 10.f4 Qc7 11.Bd2 Be7 12.Rae1 O-O 13.Kh1 Rfd8 14.Nf3 Nf8  1/2-1/2

[Event "WYb18"]
[Site "Heraklio GRE"]
[Date "2002.11.22"]
[Round "9"]
[White "Werle,J"]
[Black "Berkes,F"]
[Result "0-1"]
[WhiteElo "2434"]
[BlackElo "2545"]

1.Nf3 c5 2.c4 Nf6 3.Nc3 e6 4.g3 b6 5.Bg2 Bb7 6.O-O Be7 7.Re1 d5 8.cxd5 Nxd5
9.e4 Nb4 10.d4 cxd4 11.Nxd4 N8c6 12.Nxc6 Qxd1 13.Rxd1 Bxc6 14.Bf4 g5 15.Bd6 Rd8
16.e5 Bxd6 17.exd6 Bxg2 18.Kxg2 Kd7 19.a3 Nd5 20.Nxd5 exd5 21.Rxd5 f6 22.Rad1 Rhe8
23.Kf3 Rc8 24.R1d2 Rc4 25.R5d4 Rxd4 26.Rxd4 Rc8 27.h4 gxh4 28.gxh4 Rc2 29.b4 Rc3+
30.Kg4 Rxa3 31.Kh5 Ra4 32.Kh6 a5 33.h5 Rxb4 34.Rd5 a4 35.Kxh7 a3 36.Rd1 b5
37.Kg7 Rh4 38.h6 b4 39.Ra1 Kxd6 40.h7 Kc5 41.h8=Q Rxh8 42.Kxh8 Kb5 43.Kg7 Ka4
44.Kxf6 b3  0-1

[Event "ch-ISR"]
[Site "Tel Aviv ISR"]
[Date "2002.11.30"]
[Round "6"]
[White "Kaganskiy,G"]
[Black "Kreizberg,M"]
[Result "1-0"]
[WhiteElo "2315"]
[BlackElo "2346"]

1.Nf3 c5 2.c4 Nf6 3.Nc3 d5 4.cxd5 Nxd5 5.d4 Nxc3 6.bxc3 g6 7.Bf4 Bg7 8.e3 Qa5
9.Qd2 Nc6 10.Rb1 a6 11.Bd3 O-O 12.O-O Rd8 13.Qe2 cxd4 14.cxd4 e5 15.Nxe5 Nxe5
16.Bxe5 Bxe5 17.dxe5 Qxe5 18.Rb6 Be6 19.Rxb7 Bd5 20.Rb4 Bxa2 21.Bxg6 hxg6
22.Qxa2 Ra7 23.h4 a5 24.Rf4 Rb7 25.Rg4 Qd5 26.Qa1 Qe6 27.Qxa5 Qxg4 28.Qxd8+ Kh7
29.Qf6 Rd7 30.Kh2 Qc4 31.Ra1 Qc7+ 32.f4 Qb7 33.Ra5 Rd2 34.Rg5 Rd5 35.h5 Rxg5
36.Qxg5 Qe4 37.Qf6 Qd5 38.h6 Qh5+ 39.Kg3 Qxh6 40.Qxf7+ Kh8 41.Qf6+ Kg8 42.e4  1-0

[Event "ch-GRE w"]
[Site "Athens GRE"]
[Date "2002.12.01"]
[Round "4"]
[White "Papadopoulou,V"]
[Black "Grapsa,G"]
[Result "0-1"]
[WhiteElo "2165"]
[BlackElo "2093"]

1.Nf3 Nf6 2.c4 c5 3.Nc3 d5 4.cxd5 Nxd5 5.g3 Nc6 6.Bg2 Nc7 7.d3 e5 8.O-O Be7
9.Nd2 O-O 10.Nc4 Bd7 11.f4 exf4 12.gxf4 Rb8 13.a4 Bg4 14.Ne3 Bh5 15.Nf5 f6
16.Ne4 Nd4 17.Nfg3 Bf7 18.f5 Bb3 19.Qd2 Nc2 20.Rb1 Nd5 21.Nc3 Nde3 22.Rf3 Nxg2
23.Kxg2 Qb6 24.Nh5 Bd6 25.Rh3 Rf7 26.e4 Nd4 27.Qf2 Rd8 28.Qh4 Kf8 29.Bf4 Qc6
30.Bxd6+ Rxd6 31.Nf4 h6 32.Qg4 Ke8 33.Nh5 Rdd7 34.Qg6 Kd8 35.Nf4 Rfe7 36.Rc1 Re5
37.Kg1 Kc8 38.Qg2 Kb8 39.Rg3 Ree7 40.h4 c4 41.Ncd5 Rf7 42.dxc4 Qxa4 43.Qf2 Nc6
44.Ne6 b6 45.Rcc3 Bxc4 46.Qf4+ Kb7 47.Qc1 Bxd5 48.exd5 Rxd5 49.b3 Qb5 50.Rxc6 Qxc6
51.Rc3 Qd6 52.Qe3 Rd1+ 53.Kf2 Qd2+ 54.Qxd2 Rxd2+ 55.Ke3 Rfd7 56.Nxg7 R2d5
57.Nh5 Rxf5 58.Ng3 Re7+ 59.Kd2 Rf2+ 60.Kd1 f5  0-1

[Event "ch-ISR"]
[Site "Tel Aviv ISR"]
[Date "2002.12.02"]
[Round "8"]
[White "Kaganskiy,G"]
[Black "Bar,R"]
[Result "1-0"]
[WhiteElo "2315"]
[BlackElo "2413"]

1.Nf3 Nf6 2.c4 e6 3.Nc3 c5 4.g3 b6 5.Bg2 Bb7 6.O-O Be7 7.Re1 d5 8.cxd5 Nxd5
9.e4 Nxc3 10.bxc3 O-O 11.d4 cxd4 12.cxd4 Na6 13.Bf4 Rc8 14.a3 Bf6 15.Qa4 Qe8
16.Qb3 Qc6 17.Rac1 Qd7 18.Rcd1 Bc6 19.Qa2 Rcd8 20.Ne5 Bxe5 21.Bxe5 Kh8 22.d5 exd5
23.exd5 Ba4 24.Rd4 f6 25.Bf4 Nc5 26.Be3 Rfe8 27.Qb1 Qb5 28.Rb4 Qd3 29.Bxc5 Bc2
30.Qc1 Rxe1+ 31.Qxe1 bxc5 32.Rb7 Rg8 33.h4 c4 34.Rxa7 h6 35.Rc7 Qxa3 36.Rxc4 Bf5
37.Rc7 Rd8 38.Kh2 Qd6 39.Rc6 Qf8 40.Qa5 Bd7 41.Ra6 Kh7 42.Qc7 Bf5 43.Rb6 h5
44.d6 Rd7 45.Qc6 Qd8 46.Qc5 Bg6 47.Bh3 Ra7 48.Rc6 Ra5 49.Rc8 Rxc5 50.Rxd8 Bf5
51.d7 Bxh3 52.Rh8+ Kxh8 53.d8=Q+ Kh7 54.Kxh3 Re5 55.f4 Rc5 56.Qe7 Ra5 57.g4 hxg4+
58.Kxg4 Ra1 59.h5 Rg1+ 60.Kf5 Rh1 61.Qe8 Rh2 62.Qg6+ Kg8 63.Qg4 Kf7 64.Qf3 Rh4
65.Qd5+ Ke7 66.Qe6+  1-0

[Event "TCh-ESP"]
[Site "Mondariz ESP"]
[Date "2002.12.06"]
[Round "7"]
[White "Estremera Panos,S"]
[Black "Garcia Padron,Jo"]
[Result "1/2-1/2"]
[WhiteElo "2359"]
[BlackElo "2426"]

1.Nf3 Nf6 2.c4 c5 3.Nc3 e6 4.g3 b6 5.Bg2 Bb7 6.O-O Be7 7.Re1 O-O 8.e4 d6
9.d4 cxd4 10.Nxd4 Qc8 11.b3 a6 12.Bb2 Nbd7 13.f4 g6 14.Rc1 Re8 15.Nf3 Bf8
16.Qe2 Qc5+ 17.Kh1 Rad8 18.Na4 Qc7 19.e5 dxe5 20.Nxe5 Bg7 21.Red1 h5 22.Nxd7 Nxd7
23.Bxg7 Kxg7 24.Bxb7 Qxb7+ 25.Qg2 Qc7 26.Qf3 Nf6 27.Nc3 Qc5 28.Ne4 Nxe4 29.Qxe4 Kg8
30.Kg2 a5 31.Qf3 Qa3 32.Qf2 Qb4 33.Qe2 Qa3 34.Qf2 h4 35.gxh4 a4 36.Qc2 Rd6
37.Rxd6 Qxd6 38.Rf1 axb3 39.axb3 Rd8 40.Qe4 Qd2+ 41.Rf2 Qc3 42.Qc2 Qa5 43.Qe2 Qf5
44.h3 Qa5 45.Qe5 Qa8+ 46.Kh2 Rd1 47.Rg2 Qf3 48.Qb8+ Kg7 49.Qe5+ Kf8 50.Qb8+ Ke7
51.Qc7+ Rd7 52.Qe5 Rd3 53.Qg5+ Ke8 54.Qg4 Rxb3 55.Re2 Qc6 56.h5 Rb1 57.Rg2 gxh5
58.Qg8+ Ke7 59.Qg5+ Ke8 60.Qg8+ Ke7 61.Qg5+ Ke8  1/2-1/2

[Event "ch-POL sf"]
[Site "Lubniewice POL"]
[Date "2002.12.07"]
[Round "8"]
[White "Swicarz,M"]
[Black "Zeberski,J"]
[Result "1-0"]
[WhiteElo "2309"]
[BlackElo "2326"]

1.c4 c5 2.Nc3 Nf6 3.Nf3 e6 4.e3 d5 5.d4 Nc6 6.Bd3 Be7 7.O-O O-O 8.Re1 b6
9.cxd5 exd5 10.h3 h6 11.b3 cxd4 12.exd4 Nb4 13.Bb1 Be6 14.a3 Nc6 15.Qd3 Re8
16.Bxh6 gxh6 17.Rxe6 Bd6 18.Rxe8+ Qxe8 19.Nxd5 Nxd5 20.Qh7+ Kf8 21.Qxh6+ Ke7
22.Be4 Qh8 23.Qg5+ Qf6 24.Qxd5 Rc8 25.Rc1  1-0

[Event "Tch-SWE 2002-3"]
[Site "Sweden SWE"]
[Date "2002.12.07"]
[Round "5"]
[White "Friberg,H"]
[Black "Andersson,Bj1"]
[Result "1-0"]
[WhiteElo "2243"]
[BlackElo "2330"]

1.Nf3 Nf6 2.c4 c5 3.Nc3 e6 4.g3 d5 5.cxd5 Nxd5 6.Bg2 Be7 7.O-O Nc6 8.d4 O-O
9.e4 Nb6 10.Ne2 cxd4 11.Nexd4 Nxd4 12.Nxd4 Bf6 13.Nf3 Qxd1 14.Rxd1 e5 15.b3 Bg4
16.h3 Bxf3 17.Bxf3 Rfd8 18.Be3 Rxd1+ 19.Rxd1 Rd8 20.Bc5 Nc8 21.Rc1 Bg5 22.Rc2 b6
23.Ba3 Nd6 24.Bxd6 Rxd6 25.Rc7 a5 26.Be2 Bd8 27.Rb7 f6 28.Bc4+ Kh8 29.Kf1 g6
30.Rf7 h5 31.Ke2 g5 32.g4 hxg4 33.hxg4 b5 34.Bxb5 Bb6 35.Bc4 Bd4 36.Bd5 Rb6
37.Ra7 Rb8 38.Rxa5 Kg7 39.Ra4 Kf8 40.Rc4 Ke7 41.Rc7+ Kd8 42.Rf7 Rb6 43.a4 Bc3
44.Kd3 Bb4 45.Kc4 Be1 46.f3 Kc8 47.Rf8+ Kc7 48.Ra8 Kd6 49.Kd3 Kc5 50.a5 Rd6
51.a6 Ba5 52.a7 Kb6 53.b4  1-0

[Event "FSGM Dec"]
[Site "Budapest HUN"]
[Date "2002.12.17"]
[Round "11"]
[White "Valdes,Le"]
[Black "Szeberenyi,A"]
[Result "1-0"]
[WhiteElo "2426"]
[BlackElo "2367"]

1.Nf3 c5 2.c4 Nf6 3.Nc3 b6 4.g3 Bb7 5.Bg2 g6 6.O-O Bg7 7.d4 cxd4 8.Qxd4 d6
9.Rd1 Nbd7 10.Be3 Rc8 11.Rac1 O-O 12.Qh4 Re8 13.b3 a6 14.Bh3 Rc7 15.g4 Qa8
16.g5 Ne4 17.Na4 e6 18.Nxb6 Nxb6 19.Bxb6 Rcc8 20.Bd4 Bxd4 21.Rxd4 a5 22.Nd2 Nxd2
23.Rxd2 d5 24.Qf4 e5 25.Qg3 Rc5 26.e3 Qa6 27.Bf1 dxc4 28.bxc4 Rec8 29.Rcd1 Qc6
30.Rd5 Qc7 31.Rd7 Qc6 32.R1d5 Rxd5 33.Rxd5 Re8 34.f3 Qc7 35.Rd2 Qc5 36.Qf2 Qe7
37.h4 f6 38.Qg3 f5 39.Qf2 Qc5 40.Rb2 Bc6 41.e4 Qxf2+ 42.Kxf2 fxe4 43.fxe4 Rf8+
44.Kg1 Rf4 45.Rb8+ Kg7 46.Rc8 Bxe4 47.Rc7+ Kg8 48.Re7 Rxh4 49.Rxe5 a4 50.c5 Rf4
51.Bb5 Bf5 52.c6 Rb4 53.a3 Rb3 54.Bc4+  1-0

[Event "XII It"]
[Site "Elgoibar ESP"]
[Date "2002.12.17"]
[Round "6"]
[White "Herraiz Hidalgo,H"]
[Black "Mirzoev,A"]
[Result "1/2-1/2"]
[WhiteElo "2458"]
[BlackElo "2522"]

1.Nf3 c5 2.c4 Nf6 3.Nc3 b6 4.g3 Bb7 5.Bg2 e6 6.O-O Be7 7.b3 O-O 8.Bb2 d5
9.cxd5 Nxd5 10.d4 Nd7 11.e3 Rc8 12.Rc1 N7f6 13.Nxd5 Bxd5 14.dxc5  1/2-1/2

[Event "Christmas Open"]
[Site "Zadar CRO"]
[Date "2002.12.18"]
[Round "5"]
[White "Saric,A"]
[Black "Palac,M"]
[Result "1/2-1/2"]
[WhiteElo "2380"]
[BlackElo "2568"]

1.Nf3 Nf6 2.c4 c5 3.Nc3 d5 4.cxd5 Nxd5 5.g3 Nc6 6.Bg2 g6 7.d3 Bg7 8.Bd2 O-O
9.O-O Nc7 10.a3 Bd7 11.Rb1 a5 12.Ne4 b6 13.Bc3 e5 14.Ned2 Rb8 15.Nc4 Qe7
16.Nfd2 Rfd8 17.a4 Be8 18.b3 Nd5 19.Ba1 Ncb4 20.Ne3 Nxe3 21.fxe3 h5 22.Nc4 f6
23.Bc3 Bf7 24.Qe1 Be6 25.Qf2 Rf8 26.Be4 f5 27.Bg2 e4 28.Bxg7 Kxg7 29.Rfd1 Bxc4
30.bxc4 exd3 31.exd3 Rbe8 32.e4 Rd8 33.Qb2+ Kh7 34.exf5 Rxf5 35.Be4 Nxd3
36.Rxd3 Rxd3 37.Bxf5 Qe3+ 38.Qf2 gxf5 39.Qxe3 Rxe3 40.Rxb6 Re4 41.Rb5 Rxc4
42.Rxa5 Rc2 43.Ra6 Kg7  1/2-1/2

[Event "XV Carlos Torre"]
[Site "Merida MEX"]
[Date "2002.12.20"]
[Round "8"]
[White "Gonzalez,JC"]
[Black "Pigusov,E"]
[Result "1/2-1/2"]
[WhiteElo "2517"]
[BlackElo "2622"]

1.Nf3 c5 2.c4 Nf6 3.Nc3 d5 4.cxd5 Nxd5 5.g3 Nc6 6.Bg2 Nc7 7.O-O g6 8.d3 Bg7
9.Be3 b6 10.Qa4 Bd7 11.Qh4 Ne6 12.Bh6 O-O 13.Bxg7 Nxg7 14.Ng5 h5 15.Qf4 Rc8
16.Bd5 e6 17.Bg2 e5 18.Qd2 Nd4 19.f4 exf4 20.Qxf4 Nge6 21.Nxe6 Nxe6 22.Qe5 f6
23.Qd6 Kg7 24.Rf2 Qc7 25.Qxc7 Nxc7 26.Raf1 Rcd8 27.a3 Be6 28.b4 c4 29.dxc4 Bxc4
30.Rc1 Ne6 31.e4 Nd4 32.h4 Nc6 33.Nd5 Ne5 34.Rfc2 b5 35.Rc3 Rf7 36.a4 Rb7
37.axb5 Bxb5 38.Bh3 Ng4 39.Bxg4 hxg4 40.Kf2 g5 41.hxg5 fxg5 42.Rc7+ Rxc7
43.Rxc7+ Kg6 44.Ke3 a6 45.Kd4 Rf8 46.Ke5 Rf3 47.Ne7+ Kf7 48.Nf5+ Kg8 49.Ke6  1/2-1/2

[Event "TCh-BEL 2002-3"]
[Site "Belgium BEL"]
[Date "2002.12.23"]
[Round "5"]
[White "Hausrath,D"]
[Black "Gommers,R"]
[Result "1/2-1/2"]
[WhiteElo "2455"]
[BlackElo "2342"]

1.Nf3 c5 2.c4 Nf6 3.Nc3 e6 4.e4 d6 5.d4 cxd4 6.Nxd4 a6 7.Be2 Be7 8.Be3 O-O
9.O-O Qc7 10.Rc1 b6 11.f4 Bb7 12.Bf3 Re8 13.e5 dxe5 14.Bxb7 Qxb7 15.fxe5 Nfd7
16.Rxf7 Nxe5 17.Rf2 Bf6 18.Qe2 Nbd7 19.Rd1 Rac8 20.b3 b5 21.Bf4 bxc4 22.Bxe5 Bxe5
23.bxc4 Qc7 24.Ne4 Bxh2+ 25.Kh1 Bg3 26.Rf3 Be5 27.Ng5 Bf6 28.Ndxe6 Bxg5 29.Nxc7 Rxe2
30.Rxd7 Rxa2 31.Rff7 Bf6 32.Ne6 Be5 33.Kg1 h6 34.c5 Rc6 35.Rf8+ Kh7 36.Re8 Kg6
37.Nf8+ Kf5 38.Rd5 Re2 39.Nd7 Re6 40.Rf8+ Kg4 41.Nxe5+ R6xe5 42.Rd4+ R2e4
43.Rxe4+ Rxe4 44.Rf7 g5 45.c6 Rc4 46.c7 a5 47.Rd7 Rc1+ 48.Kh2 Kh4 49.Rd4+ g4
50.g3+ Kg5 51.Rd5+ Kf6 52.Rxa5 Rxc7 53.Ra6+ Kg7 54.Kg2 Rc2+ 55.Kg1 h5 56.Rb6 Rc7
57.Kg2 Rf7 58.Ra6 Rf6 59.Ra8 Kg6 60.Rg8+ Kf5 61.Rh8 Kg5 62.Rg8+ Kf5 63.Rh8 Ke4
64.Re8+ Kd5 65.Rd8+ Rd6 66.Rh8 Kd4 67.Ra8 Rd5 68.Re8 Kd3 69.Re7 Rd4 70.Re5 Rc4
71.Rf5 Rc2+ 72.Kg1 Ke4 73.Rf4+ Ke3 74.Rf8 Rc1+  1/2-1/2

[Event "38th Junior"]
[Site "Hallsberg SWE"]
[Date "2002.12.28"]
[Round "1"]
[White "Eriksson,Jon SWE"]
[Black "Olsson,L"]
[Result "1/2-1/2"]
[WhiteElo "2278"]
[BlackElo "2291"]

1.Nf3 Nf6 2.c4 c5 3.Nc3 d5 4.cxd5 Nxd5 5.d4 Nxc3 6.bxc3 g6 7.e4 Bg7 8.Be3 O-O
9.Qd2 Qa5 10.Rc1 Rd8 11.d5 e6 12.c4 Qxd2+ 13.Nxd2 b6 14.Be2  1/2-1/2

[Event "32nd Rilton Cup"]
[Site "Stockholm SWE"]
[Date "2002.12.28"]
[Round "2"]
[White "Tetenkina,I"]
[Black "Akesson,R"]
[Result "0-1"]
[WhiteElo "2251"]
[BlackElo "2440"]

1.Nf3 c5 2.c4 Nf6 3.Nc3 e6 4.g3 b6 5.Bg2 Bb7 6.O-O Be7 7.Re1 d5 8.cxd5 exd5
9.d4 O-O 10.Bf4 Nbd7 11.Nh4 g6 12.Nf3 Ne4 13.Nxe4 dxe4 14.Nd2 f5 15.Qb3+ Rf7
16.Nc4 cxd4 17.Na5 bxa5 18.Qxb7 Nb6 19.Qa6 Nd5 20.Be5 Nb4 21.Qc4 Rc8 22.Qe6 Rc6
23.Qb3 Rc5 24.f4 Nc2 25.Rad1 Nxe1 26.Rxe1 Bf6 27.Qa3 Qb6 28.Bxf6 Rxf6 29.Kf1 Qb4  0-1

[Event "XVIII Winter Open"]
[Site "Nice FRA"]
[Date "2002.12.29"]
[Round "6"]
[White "Glicenstein,A"]
[Black "Verdier,P"]
[Result "1/2-1/2"]
[WhiteElo "2209"]
[BlackElo "2246"]

1.Nf3 Nf6 2.c4 c5 3.Nc3 e6 4.g3 b6 5.Bg2 Bb7 6.O-O Be7 7.Re1 Ne4 8.Nxe4 Bxe4
9.d3 Bb7 10.e4 d6 11.d4 cxd4 12.Nxd4 O-O 13.Be3 Nd7 14.f4 Re8 15.Bf2 Bf8
16.Nb5 Nc5 17.b4 Na6 18.a3 Nc7 19.Nc3 Re7 20.Qd4 Rd7 21.Rad1 Bc6 22.f5 e5
23.Qd3 Rb8 24.b5 Ba8 25.a4 Ne8 26.Nd5 Bxd5 27.cxd5 Rc7 28.Rc1 Rbc8 29.Rc6 Nf6
30.Qe2 Nd7 31.Rec1 Nb8 32.R6c4 Rxc4 33.Rxc4 Rxc4 34.Qxc4 Nd7 35.Qc6 Nc5 36.Bxc5 bxc5
37.h3 Qa5 38.Qa6 Qxa6 39.bxa6 Be7 40.Bf1 Kf8 41.Bb5 Bd8 42.Kf1 Ke7 43.Ke2 Ba5
44.Kd3 Be1 45.g4 Kf6 46.Ke2  1/2-1/2

[Event "26th Christmas Open Masters"]
[Site "Zurich SUI"]
[Date "2002.12.29"]
[Round "6"]
[White "Tukmakov,V"]
[Black "Loetscher,R"]
[Result "1-0"]
[WhiteElo "2568"]
[BlackElo "2312"]

1.Nf3 Nf6 2.c4 c5 3.Nc3 g6 4.d4 cxd4 5.Nxd4 Nc6 6.e4 d6 7.Be2 Nxd4 8.Qxd4 Bg7
9.Be3 O-O 10.Qd2 Be6 11.O-O Qa5 12.f3 Rfc8 13.Rfc1 Kf8 14.b3 a6 15.Rab1 Qd8
16.Rc2 Nd7 17.Nd5 Bxd5 18.exd5 Rab8 19.Rbc1 b5 20.cxb5 Rxc2 21.Rxc2 axb5
22.Qb4 Nf6 23.Rd2 Qd7 24.a4 Qb7 25.Qxb5 Qa8 26.Qc6 Qxc6 27.dxc6 Rxb3 28.c7 Rc3
29.Rb2 Ne8 30.Rb8  1-0

[Event "35th Open"]
[Site "Trinec CZE"]
[Date "2002.12.30"]
[Round "4"]
[White "Splosnov,S"]
[Black "Zabystrzan,P"]
[Result "1/2-1/2"]
[WhiteElo "2384"]
[BlackElo "2308"]

1.Nf3 Nf6 2.c4 c5 3.Nc3 b6 4.g3 Bb7 5.Bg2 e6 6.O-O Be7 7.d4 cxd4 8.Qxd4 d6
9.Rd1 a6 10.Ng5 Bxg2 11.Kxg2 Nc6 12.Qf4 O-O 13.Nce4 Ne5 14.Nxf6+ Bxf6 15.Ne4 Be7
16.b3 Qc7 17.Kg1 Rfd8 18.Bb2 Ng6 19.Qe3 Bf8 20.Rac1 Qb7 21.h4 d5 22.cxd5 Rxd5
23.Rxd5 Qxd5 24.Ng5 h6 25.Nf3 b5 26.Qd4 Qxd4 27.Bxd4 Ne7 28.h5 Rc8 29.Rxc8 Nxc8
30.Ne5 f6 31.Nd7 Bd6 32.Nc5 e5 33.Be3 a5 34.g4 Kf7 35.Kg2 Ne7 36.Ne4 Ke6
37.Kf3 f5 38.Nxd6 Kxd6 39.Bb6 a4 40.bxa4 bxa4 41.gxf5 Nxf5 42.Ke4 Ne7 43.Ba5 Nd5
44.Kf5 Ne7+ 45.Ke4 Nd5 46.Kf5 Ne7+ 47.Ke4  1/2-1/2

[Event "45th It"]
[Site "Reggio Emilia ITA"]
[Date "2002.12.31"]
[Round "3"]
[White "Scalcione,M"]
[Black "Iotti,P"]
[Result "1/2-1/2"]
[WhiteElo "2366"]
[BlackElo "2314"]

1.Nf3 Nf6 2.c4 c5 3.Nc3 b6 4.g3 Bb7 5.Bg2 e6 6.O-O Be7 7.Re1 a6 8.e4 d6 9.d4 cxd4
10.Nxd4 Qc7 11.Be3 O-O 12.Rc1 Nbd7 13.f4 Rac8 14.g4 g6 15.g5 Nh5 16.f5 exf5
17.Nxf5 Ne5 18.Nd5 Bxd5 19.cxd5 Qb7 20.Rc6 Rxc6 21.dxc6 Qc7 22.Qe2 b5 23.b3 gxf5
24.exf5 Nf6 25.gxf6 Bxf6 26.Kh1 Kh8 27.Bd5 Rg8 28.Rg1 Rxg1+ 29.Bxg1 Bd8 30.Qg2 Qe7
31.Bd4 h6 32.Qe4 Bc7 33.h4 Qf6 34.Qf4 Kg7 35.Kh2 Bd8 36.a4 Kf8 37.axb5 axb5
38.Kh3 Kg7 39.Be4 Kf8 40.Be3 Kg7 41.Qg3+ Kf8 42.Bf4 Bb6 43.Be3 Bd8 44.Qf4 Kg7
45.Qf2 d5 46.Qg3+ Kh7 47.Bd4 Bc7 48.Bb1 b4 49.Qg2 Bd8 50.Qg3 Bc7 51.Bc2 Kh8
52.Bxe5 Bxe5 53.c7 Bxg3 54.c8=Q+ Kg7 55.Kxg3 Qe5+ 56.Kf3 Qe1 57.Kg4 Qe2+
58.Kf4 Qh2+ 59.Kg4 Qe2+ 60.Kg3 Qe3+ 61.Kg4 Qe2+  1/2-1/2

[Event "32nd Rilton Cup"]
[Site "Stockholm SWE"]
[Date "2002.12.31"]
[Round "5"]
[White "Ornstein,A"]
[Black "Ong,Kev"]
[Result "1-0"]
[WhiteElo "2426"]
[BlackElo "2076"]

1.Nf3 Nf6 2.c4 e6 3.Nc3 c5 4.e3 d5 5.d4 cxd4 6.exd4 dxc4 7.Bxc4 a6 8.O-O Be7
9.Qe2 O-O 10.Bg5 Nc6 11.Rad1 Nd5 12.Bxd5 exd5 13.Bxe7 Nxe7 14.Rfe1 Re8 15.Rd3 Bg4
16.Re3 Kf8 17.Qc2 Bf5 18.Qb3 Rb8 19.Qb4 a5 20.Qa3 b5 21.Qc5 Rc8 22.Qxb5 Bd7
23.Qd3 Bf5 24.Qa6 Rc6 25.Qa7 Re6 26.Ne5 Qa8 27.Qxa8 Rxa8 28.g4 Bg6 29.Nxg6+ Nxg6
30.Rxe6 fxe6 31.Rxe6 Rb8 32.Re2 Rb4 33.Rd2 Nf4 34.h4 Ke7 35.f3 Kd6 36.Kf2 Rxb2
37.Rxb2 Nd3+ 38.Ke3 Nxb2 39.a4 Ke6 40.h5 Nc4+ 41.Kf4 Nb6 42.Kg5 Nd7 43.Nd1 Nb8
44.Ne3 Nd7 45.Nf5 Kf7 46.Nd6+ Ke6 47.Nb7 Nb6 48.Nc5+ Kf7 49.h6 g6 50.f4 Ke7
51.f5 Kf7 52.fxg6+ hxg6 53.Nd3 Nxa4 54.Ne5+ Kg8 55.Kxg6  1-0

[Event "9th Open"]
[Site "Bosnjaci CRO"]
[Date "2003.01.03"]
[Round "1"]
[White "Vitaljic,N"]
[Black "Drazic,S"]
[Result "0-1"]
[WhiteElo "2179"]
[BlackElo "2462"]

1.Nf3 c5 2.c4 Nf6 3.Nc3 b6 4.g3 Bb7 5.Bg2 e6 6.O-O Be7 7.d3 O-O 8.Bf4 d6
9.e4 a6 10.a3 Nc6 11.Rc1 Qc7 12.Qe2 Nd7 13.Be3 Bf6 14.Ne1 Nd4 15.Bxd4 Bxd4
16.Nc2 Bf6 17.f4 Rac8 18.Ne1 Ba8 19.Nf3 b5 20.cxb5 axb5 21.g4 g6 22.Nb1 Qa7  0-1

[Event "35th Open"]
[Site "Trinec CZE"]
[Date "2003.01.04"]
[Round "9"]
[White "Ostrowski,L"]
[Black "Simacek,P"]
[Result "1-0"]
[WhiteElo "2317"]
[BlackElo "2420"]

1.Nf3 Nf6 2.c4 c5 3.Nc3 e6 4.g3 b6 5.Bg2 Bb7 6.O-O Be7 7.Re1 d6 8.e4 a6 9.d4 cxd4
10.Nxd4 Qc7 11.Be3 Nbd7 12.f4 h5 13.h3 Rd8 14.Rc1 Qb8 15.Bf2 Qa8 16.Nd5 exd5
17.exd5 Kf8 18.Rc2 Re8 19.Rce2 Bd8 20.Nf5 Qb8 21.Bd4 Rxe2 22.Qxe2 g6 23.Ne7 Kg7
24.Nc6 Bxc6 25.dxc6 Nc5 26.Bd5 Qc7 27.Qf3 Kh7 28.b4 Re8 29.Rxe8 Nxe8 30.bxc5 bxc5
31.Bc3 Bf6 32.Qe3 Bxc3 33.Qxe8 Kg7 34.Bxf7 Qb6 35.Qg8+ Kf6 36.Qxg6+ Ke7 37.Qe6+ Kf8
38.Bxh5 Qb1+ 39.Kg2 Qc2+ 40.Kf3 Qd1+ 41.Qe2 Qh1+ 42.Kg4 Qxc6 43.Qe6 Qc7 44.h4 Bd4
45.Bg6 Qe7 46.Qxe7+ Kxe7 47.Be4 Kf6 48.h5 Bf2 49.Kf3 Be1 50.g4 Bh4 51.h6 Be1
52.g5+ Kf7 53.Bd5+ Kg6 54.Kg4 Bd2 55.f5+ Kh7 56.f6  1-0

[Event "Troll Masters"]
[Site "Gausdal NOR"]
[Date "2003.01.07"]
[Round "1"]
[White "Stokke,K"]
[Black "Bluvshtein,M"]
[Result "0-1"]
[WhiteElo "2136"]
[BlackElo "2461"]

1.Nf3 Nf6 2.c4 e6 3.Nc3 c5 4.g3 b6 5.Bg2 Bb7 6.O-O Be7 7.Re1 d6 8.e4 a6 9.d4 cxd4
10.Nxd4 Qc7 11.Be3 Nbd7 12.Rc1 Rc8 13.f4 Qb8 14.Qe2 Qa8 15.Bf2 O-O 16.g4 Rfd8
17.g5 Ne8 18.Qg4 Bf8 19.Re3 g6 20.Nxe6 fxe6 21.Qxe6+ Kh8 22.Rh3 Bg7 23.Qxg6 Nf8
24.Qh5 Rxc4 25.f5 Rd7 26.f6 Nxf6 27.gxf6 Bxf6 28.Rf1 Rg7 29.Rg3 Ng6 30.Bxb6 Be5
31.Rgf3 Qg8 32.Be3 Nh4 33.Qxh4 Rxg2+ 34.Kh1 Rxc3 35.bxc3 Bxe4  0-1

[Event "Odessa Region Open"]
[Site "Odessa UKR"]
[Date "2003.01.20"]
[Round "11"]
[White "Fingerov,D"]
[Black "Shinkarev,M"]
[Result "1-0"]
[WhiteElo "2374"]
[BlackElo "2382"]

1.Nf3 Nf6 2.c4 c5 3.Nc3 g6 4.d4 cxd4 5.Nxd4 Bg7 6.e4 d6 7.Be2 O-O 8.O-O Nc6
9.Be3 Bd7 10.h3 a6 11.Qd2 Re8 12.Rad1 Qb8 13.f4 b5 14.cxb5 Nxd4 15.Bxd4 e5
16.fxe5 dxe5 17.Bc5 Bxb5 18.Bxb5 axb5 19.Qd6 Qc8 20.b4 Ra6 21.Qd3 Ra3 22.Rc1 Qb7
23.Nxb5 Rxa2 24.Nc3 Rb2  1-0

[Event "II It"]
[Site "Sao Jose de Rio Preto BRA"]
[Date "2003.01.24"]
[Round "2"]
[White "Da Silva,A"]
[Black "Borges,L"]
[Result "0-1"]
[WhiteElo "2128"]
[BlackElo "2247"]

1.c4 Nf6 2.Nc3 c5 3.Nf3 g6 4.d4 cxd4 5.Nxd4 Bg7 6.e4 Nc6 7.Nc2 O-O 8.Be2 d6
9.Be3 a5 10.f3 a4 11.O-O Bd7 12.Rc1 Qa5 13.Qd2 Rfc8 14.Rfd1 Ne5 15.Na3 Be6
16.Nd5 Qxd2 17.Bxd2 Bxd5 18.cxd5 Ned7 19.Bb5 Nc5 20.Be3 Nfd7 21.Nc4 Rf8 22.f4 Nf6
23.Bxc5 dxc5 24.e5 Ne4 25.d6 exd6 26.exd6 Bd4+ 27.Rxd4 cxd4 28.Rd1 a3 29.Rxd4 axb2
30.Nxb2 Rxa2 31.Nd1 Rd2 32.Rxd2 Nxd2 33.Nc3 Rd8 34.d7 Nb3 35.Nd5 Kf8 36.Nb6 Nc5
37.Kf2 Ke7 38.Nc8+ Ke6 39.Nb6 Nxd7 40.Nc4 Nc5 41.Ne5 Ne4+ 42.Ke3 Nd6 43.Bd3 f6
44.Nf3 Nf5+ 45.Ke2 Nd4+ 46.Nxd4+ Rxd4 47.Ke3 Rxd3+  0-1

[Event "II It"]
[Site "Sao Jose de Rio Preto BRA"]
[Date "2003.01.30"]
[Round "9"]
[White "Da Silva,A"]
[Black "Neubauer,M"]
[Result "0-1"]
[WhiteElo "2128"]
[BlackElo "2420"]

1.Nf3 Nf6 2.c4 c5 3.Nc3 e6 4.g3 d5 5.cxd5 exd5 6.d4 Nc6 7.Bg2 Be7 8.O-O O-O
9.Bg5 cxd4 10.Nxd4 h6 11.Bxf6 Bxf6 12.e3 Nxd4 13.exd4 Be6 14.Qd2 Rc8 15.b3 Qa5
16.Rac1 Rc7 17.Rc2 Rd7 18.Na4 Qxd2 19.Rxd2 Rc7 20.Nc5 Bc8 21.Nd3 Bxd4 22.Nf4 Bc3
23.Nxd5 Bxd2 24.Nxc7 Rd8 25.Nd5 Bg4 26.h3 Be6 27.Rd1 Ba5 28.b4 Bc7 29.Nc3 Bd6
30.Bf3 Bxh3 31.Bxb7 Be7 32.Rxd8+ Bxd8 33.a4 Kf8 34.Nb5 a5 35.bxa5 Bxa5 36.Nd6 Be6
37.Bf3 Ke7 38.Nb7 Bb6 39.a5 Ba7 40.a6 Kd7 41.Na5 Kc7 42.Bb7 Kb6 43.Nc6 Bd5
44.Nd4 Bxb7 45.axb7 g6 46.Kg2 Kxb7 47.Nb5 Bc5 48.f4 Kc6 49.Nc3 Bd4 50.Ne2 Kd5
51.Kf3 Kc4 52.g4 Kd3 53.Ng3 Bc3 54.Ne4 Bb4 55.f5 g5 56.Nf6 Kd4 57.Ne4 Ke5
58.Ng3 Bd2 59.Nh1 Be1 60.Ke3 Bh4 61.f6 Kxf6 62.Kd4 Ke6 63.Ke4 h5 64.Kf3 hxg4+
65.Kxg4 f5+ 66.Kh3 Ke5 67.Kg2 Ke4 68.Kh3 Ke3 69.Kg2 Ke2 70.Kh3 Kf1 71.Kh2 g4  0-1

[Event "Gibraltar Masters"]
[Site "Catalan Bay ENG"]
[Date "2003.02.02"]
[Round "6"]
[White "Giddins,S"]
[Black "Ledger,A"]
[Result "0-1"]
[WhiteElo "2242"]
[BlackElo "2397"]

1.Nf3 Nf6 2.c4 c5 3.Nc3 d5 4.cxd5 Nxd5 5.g3 Nc6 6.Bg2 g6 7.O-O Bg7 8.Nxd5 Qxd5
9.d3 Qd6 10.Bf4 e5 11.Be3 O-O 12.Nd2 b6 13.a3 Bb7 14.Nc4 Qe7 15.Rb1 Rfd8
16.b4 cxb4 17.axb4 Nd4 18.Bxd4 Rxd4 19.Qb3 Bxg2 20.Kxg2 e4 21.b5 Rad8 22.Rbd1 h5
23.Kg1 exd3 24.exd3 Qd7 25.Rfe1 Rd5 26.Re4 Rxb5 27.Qa2 Rd5 28.Rde1 Rxd3 29.Re7 Qd5
30.Rxa7 Rd1 31.Rxd1 Qxd1+ 32.Kg2 Qd5+ 33.Kg1 Bd4  0-1

[Event "3rd GM"]
[Site "Griesheim GER"]
[Date "2003.02.03"]
[Round "6"]
[White "Agrest,E"]
[Black "Prusikhin,M"]
[Result "1-0"]
[WhiteElo "2574"]
[BlackElo "2509"]

1.Nf3 c5 2.c4 Nf6 3.Nc3 e6 4.g3 b6 5.Bg2 Bb7 6.O-O Be7 7.Re1 d6 8.e4 a6 9.d4 cxd4
10.Nxd4 Qc7 11.Be3 Nbd7 12.Rc1 Rc8 13.f4 Qb8 14.Qe2 Qa8 15.Bf2 O-O 16.f5 exf5
17.Nxf5 Rfe8 18.Qd2 Rxc4 19.Nxe7+ Rxe7 20.Qxd6 Re6 21.Qd2 Nc5 22.Rcd1 Re8
23.Bxc5 Rxc5 24.Nd5 Nd7 25.b4 Rc4 26.Ne3 Rc7 27.Qd6 Qb8 28.Nd5 Bxd5 29.exd5 Rxe1+
30.Rxe1 Nf6 31.Qe5 Qd8 32.Bh3 Rc2 33.d6 Rd2 34.d7 Kf8 35.Qg5 Rxd7 36.Bxd7 Qxd7
37.Qe5 Qd8 38.Qc3 h5 39.Rc1 Qd5 40.Qe3 Ne4 41.Re1 f5 42.Rc1 Qxa2 43.Qf4 Qd5
44.Qb8+  1-0